000 00500nam a22001937a 4500
003 OSt
005 20120302143924.0
008 090128t xxu||||| |||| 00| 0 eng d
035 _a170
040 _cENGLISH
100 _aPANIKKAR , K. M.
_9517
245 _aGEOGRAPHICAL FACTORS IN INDIAN HISTORY
250 _a1959 2nd
260 _aBOMBAY
_bBHARATIYA VIDYA BHAVAN
300 _b128 pg
600 _aPANIKKAR , K. M.
_9518
700 _aPANIKKAR , K. M.
_9519
942 _2ddc
_cBOOK
999 _c486121
_d486118